Top UK Universities 2022 - Statistics

General Stats
  • This quiz has been taken 84 times
  • The average score is 20 of 30
Answer Stats
Hint Answer % Correct
2 Cambridge
100%
1 Oxford
100%
8 UCL
94%
3 LSE
93%
13 Manchester
93%
19 Birmingham
90%
12 Edinburgh
89%
5 Imperial
89%
16 Glasgow
87%
21 King's College
80%
20 Leeds
76%
25 Cardiff
74%
15 Southampton
73%
4 St Andrews
73%
24 Nottingham
71%
17 Bristol
70%
26 Sheffield
69%
18 York
67%
6 Durham
64%
9 Warwick
64%
14 Exeter
63%
10 Bath
60%
7 Loughborough
46%
29 Swansea
43%
11 Lancaster
41%
22 UEA
40%
27 Essex
29%
28 Dundee
26%
30 Strathclyde
16%
23 Heriot-Watt
13%
No matching quizzes found
Score Distribution
Percent of People with Each Score
Percentile by Number Answered
Your Score History
You have not taken this quiz